000
00295nam a22001337a 4500
008
260331b ||||| |||| 00| 0 eng d
020
_a
9789951320610
041
_a
Shqip
080
_a
616.895
100
_a
25
101
_a
psiko
245
_a
Skizofrenia
_c
Skender Munishi
942
_2
udc
_c
BK
999
_c
60953
_d
60953